The Politics and Science of Prevision : Governing and Probing the Future.

This book inquires into the use of prediction at the intersection of politics and academia, and reflects upon the implications of future-oriented policymaking across different fields.

Bibliographic Details
Main Author: Wenger, Andreas.
Other Authors: Jasper, Ursula., Dunn Cavelty, Myriam.
Format: eBook
Language:English
Published: Milton : Taylor & Francis Group, 2020.
Edition:1st ed.
Series:CSS Studies in Security and International Relations Series
Subjects:
Online Access:Click to View
LEADER 01855nam a22004093i 4500
001 EBC7245382
003 MiAaPQ
005 20231204023229.0
006 m o d |
007 cr cnu||||||||
008 231204s2020 xx o ||||0 eng d
020 |a 9781000088328  |q (electronic bk.) 
020 |z 9780367900748 
035 |a (MiAaPQ)EBC7245382 
035 |a (Au-PeEL)EBL7245382 
035 |a (OCoLC)1378937491 
040 |a MiAaPQ  |b eng  |e rda  |e pn  |c MiAaPQ  |d MiAaPQ 
100 1 |a Wenger, Andreas. 
245 1 4 |a The Politics and Science of Prevision :  |b Governing and Probing the Future. 
250 |a 1st ed. 
264 1 |a Milton :  |b Taylor & Francis Group,  |c 2020. 
264 4 |c Ã2020. 
300 |a 1 online resource (273 pages) 
336 |a text  |b txt  |2 rdacontent 
337 |a computer  |b c  |2 rdamedia 
338 |a online resource  |b cr  |2 rdacarrier 
490 1 |a CSS Studies in Security and International Relations Series 
520 |a This book inquires into the use of prediction at the intersection of politics and academia, and reflects upon the implications of future-oriented policymaking across different fields. 
588 |a Description based on publisher supplied metadata and other sources. 
590 |a Electronic reproduction. Ann Arbor, Michigan : ProQuest Ebook Central, 2023. Available via World Wide Web. Access may be limited to ProQuest Ebook Central affiliated libraries.  
655 4 |a Electronic books. 
700 1 |a Jasper, Ursula. 
700 1 |a Dunn Cavelty, Myriam. 
776 0 8 |i Print version:  |a Wenger, Andreas  |t The Politics and Science of Prevision  |d Milton : Taylor & Francis Group,c2020  |z 9780367900748 
797 2 |a ProQuest (Firm) 
830 0 |a CSS Studies in Security and International Relations Series 
856 4 0 |u https://ebookcentral.proquest.com/lib/matrademy/detail.action?docID=7245382  |z Click to View